000 00634nam a2200181 i 4500
001 38483
003 ES-MaACL
005 20230906155751.0
007 t|
008 030225s1948 cu ||||1| spa d
100 1 _aCamacho, Pánfilo D.
_933963
245 1 0 _aEnrique Collazo
_b: libertador e historiógrafo /
_cdiscurso leído por Pánfilo D. Camacho.
260 _aLa Habana :
_b[s.n.,
_c1948] (
_fImp. El Siglo XX)
300 _a41 p., 1 lám. :
_bretr. aut. ;
_c25 cm.
500 _aPrecede al tít.: Academia de la Historia de Cuba.
710 2 _aAcademia de la Historia de Cuba.
_91183
852 _aES-MaACL
_j1889-F-7
_bR.26140
999 _c38483
_d38483